Environmental modeling : face and transport of pollutants in water, air, and soil

Αποθηκεύτηκε σε:
Λεπτομέρειες βιβλιογραφικής εγγραφής
Κύριος συγγραφέας: Schnoor, Jerald L.
Μορφή: Βιβλίο
Γλώσσα:English
Δημοσίευση: New York : Wiley, c1996.
Σειρά:Environmental science and technology
Θέματα:
Ετικέτες: Προσθήκη ετικέτας
Δεν υπάρχουν, Καταχωρήστε ετικέτα πρώτοι!

MARC

LEADER 00000cam a2200000 i 4500
001 1/34426
008 030313s1996 nyu| ||| |||| ||eng||
020 |a 0471124362 
035 |l 10069693 
040 |a GR-MyUa  |b gre  |e AACR2 
041 0 |a eng 
082 7 |a 628.52   |2 (22) 
100 1 |a Schnoor, Jerald L. 
245 1 0 |a Environmental modeling :   |b face and transport of pollutants in water, air, and soil /   |c Jerald L. Schnoor. 
260 |a New York :   |b Wiley,   |c c1996. 
300 |a xvi, 682 σ. :   |b εικ. χαρτ. ;   |c 25 εκ. 
490 1 |a (Environmental science and technology) 
504 |a Περιλαμβάνει βιβλιογραφικές παραπομπές και ευρετήριο. 
650 0 |a Water  |x Pollution  |x Mathematical models. 
650 0 |a Pollution  |x Mathematical models. 
767 0 8 |i Μεταφρασμένο ως:   |t Περιβαλλοντικά μοντέλα :  
830 0 |a Environmental science and technology 
852 |a INST  |b SAMOS  |e 20030313  |h 628.52 SCH  |p 005300024188  |q 005300024188  |t BK  |y 0 
901 |a BIBL3-2003-1 
922 |a 3ΕΛΗ  |b 200210  |c ΕΠΕΑΕΚ2/ΤΜΗΜΑ ΜΑΘΗΜΑΤΙΚΩΝ  |d ΠΑΠΑΣΩΤΗΡΙΟΥ & ΕΛΕΥΘΕΡΟΥΔΑΚΗΣ 
950 |a 116-2002-10-02 
970 |a ΚΟΣΙΕΡΗΣ  |b ΧΡΗΣΤΟΣ  |z 2003/03/13